00395 2200157 4500001002100000005001500021035002000036245005000056100002100106300002600127260002800153082000800181084001400189020002200203990001200225INLIS00000000000303020250918114640 a0010-09250003771 aPacaran Ogah, Nikah Ayo ! /cEidelweis Almira0 aEidelweis Almira a186 hlm ;c14 x 21 cm aJakarta :bZettu,c2014 a813 a813 EID p a978-602-7999-87-9 a0755606